Countries of the Euro 2024 - Sudden Death - Statistics

General Stats
  • This quiz has been taken 134 times
    131 since last reset
  • The average score is 14 of 24
Answers on the Grid
Answers color-coded by a green-red scale on the quiz's grid according to % correct below.
Albania
Armenia
Austria
Azerbaijan
Belarus
Belgium
Bosnia and Herzegovina
Bulgaria
Croatia
Cyprus
Czech Republic
Denmark
England
Estonia
Finland
France
Georgia
Germany
Gibraltar
Greece
Hungary
Iceland
Ireland
Israel
Italy
Kazakhstan
Kosovo
Latvia
Lithuania
Luxemburg
Moldova
Montenegro
Netherlands
North Macedonia
Northern Ireland
Norway
Poland
Portugal
Romania
Russia
Scotland
Serbia
Slovakia
Slovenia
Spain
Sweden
Switzerland
Turkey
Ukraine
Wales
 
Answer Stats
Answer % Correct
England
81%
Croatia
79%
Belgium
78%
France
78%
Germany
76%
Netherlands
69%
Austria
66%
Denmark
65%
Spain
65%
Poland
64%
Italy
63%
Portugal
61%
Albania
58%
Switzerland
55%
Ukraine
54%
Turkey
53%
Czech Republic
51%
Georgia
50%
Hungary
48%
Romania
46%
Serbia
46%
Scotland
44%
Slovenia
36%
Slovakia
34%
No matching quizzes found
Score Distribution
Percent of People with Each Score
Percentile by Number Answered
Your Score History
You have not taken this quiz since the last reset